Le nom de tous les GOTY juste avec l'année - Statistiques

Statistiques générales
  • Ce quiz a été pris 40 fois
  • Le résultat moyen est 8 sur 12
Statistiques - réponses
Année de Victoires équipe de développement Plateforme disponible Le jeux gagnants % Correct
2022 FromSoftware PS4, PS5, Xbox One, Xbox Series X|S, PC Elden Ring
91%
2025 Sandfall Interactive PS5, Xbox Series X|S, PC Clair Obscur: Expedition 33
88%
2017 Nintendo Wii U, Nintendo Switch, Switch 2 The Legend of Zelda: Breath of the Wild
88%
2016 Blizzard Entertainment PS4, Xbox One, PC Overwatch
81%
2019 FromSoftware PS4, PS5, Xbox One, PC Sekiro: Shadows Die Twice
78%
2018 Santa Monica Studio PS4, PS5 God of War
75%
2024 Team Asobi PS5 Astro Bot
66%
2015 CD Projekt Red PS4, PS5, Xbox One, PC The Witcher 3: Wild Hunt
66%
2020 Naughty Dog PS4, PS5 The Last of Us Part II
59%
2023 Larian Studio PS5, Xbox Series X|S, PC, macOS Baldur’s Gate 3
56%
2021 Hazelight Studios PS4, PS5, Xbox One, Xbox Series X|S, PC It Takes Two
53%
2014 BioWare PS3, PS4, PS5, Xbox 360, Xbox One, PC Dragon Age: Inquisition
19%
Aucun quiz correspondant
Distribution des résultats
% des personnes avec chaque résultat
Percentile par nombre de réponses
Votre historique - résultats
Vous n’avez pas pris ce quiz